Opportunities and pitfalls for London 2012 and beyond (Record no. 80696)
[ view plain ]
| 000 -LEADER | |
|---|---|
| fixed length control field | 00619cab a22001815a 4500 |
| 001 - CONTROL NUMBER | |
| control field | L145101 |
| 008 - FIXED-LENGTH DATA ELEMENTS--GENERAL INFORMATION | |
| fixed length control field | 080903l2008 xxk 000 0 eng d |
| 035 ## - SYSTEM CONTROL NUMBER | |
| System control number | (Sirsi) u145101 |
| 041 0# - LANGUAGE CODE | |
| Language code of text/sound track or separate title | eng |
| 100 1# - MAIN ENTRY--PERSONAL NAME | |
| Personal name | Heath, Vicky |
| 245 00 - TITLE STATEMENT | |
| Title | Opportunities and pitfalls for London 2012 and beyond |
| 490 ## - SERIES STATEMENT | |
| Series statement | Property Forecast |
| Volume/sequential designation | 11(8) August 2008, 8-9(2) |
| 520 ## - SUMMARY, ETC. | |
| Summary, etc. | There are concerns over the lack of a long-term governance structure for the impact of the Olympic Games on rents and availability of land in Stratford. |
| 590 ## - LOCAL NOTE (RLIN) | |
| Local note | KA |
| 650 24 - SUBJECT ADDED ENTRY--TOPICAL TERM | |
| Topical term or geographic name entry element | UK COMMERCIAL PROPERTY COMMENTARY |
| 651 #4 - SUBJECT ADDED ENTRY--GEOGRAPHIC NAME | |
| Geographic name | London |
| 942 ## - ADDED ENTRY ELEMENTS (KOHA) | |
| Suppress in OPAC | 0 |
| Withdrawn status | Lost status | Source of classification or shelving scheme | Damaged status | Not for loan | Home library | Current library | Shelving location | Date acquired | Total Checkouts | Full call number | Barcode | Date last seen | Copy number | Price effective from | Koha item type |
|---|---|---|---|---|---|---|---|---|---|---|---|---|---|---|---|
| Dewey Decimal Classification | London | London | Journal article | 08/09/2008 | L145101 | 145101-1001 | 06/08/2019 | 1 | 06/08/2019 | Journal article |